Score 0/32 Timer 04:00
1 Play Today
Hint 4-Letter Word % Correct
Not earlyLATE
92.4%
Most commonly cats and dogsPETS
90.6%
Movie pigBABE
89.1%
☆ Lead guitarist, ____ Townshend ☆PETE
89%
♪ ____ Get Fooled Again ♪WON'T
85.7%
Illicitly gain computer accessHACK
85.6%
Fruit stonesPITS
84.6%
''Yo'' The Herald Angels SingHARK
84.2%
Reduce in intensityBATE
82.8%
♪ The ____ Are Alright ♪KIDS
82.6%
☆ Drummer, Keith ____MOON
80.5%
Johnny Depp movie - Benny & ____JOON
77.5%
BoysLADS
77.1%
Sets of drumsKITS
76.8%
CoversLIDS
75.8%
SoleLONE
73.5%
Hint 4-Letter Word % Correct
Internet slang for hooray!WOOT
72.1%
DebatableMOOT
71.6%
☆ Bassist, ____ Entwistle ☆JOHN
71.3%
☆ Roger Daltrey also played a blues ____HARP
70.7%
♪ ____ Live Rock ♪LONG
70.1%
William Holden movie - The World Of Suzie ____WONG
68.8%
♪ ____ Reign O'er Me ♪LOVE
68.4%
Waterproof coverTARP
68.2%
WashLAVE
68%
♪ ____ O'Riley ♪BABA
67.9%
Ryan Gosling movie - ____ And The Real GirlLARS
66.3%
SailorsTARS
59.9%
♪ Happy ____JACK
59.2%
HeadPATE
52.7%
Sunscreen ingredient of yorePABA
39.5%
Miriam Makeba song - ____ ____PATA
36.6%

Today's Daily Dose

Remove Ads.
Support Sporcle.
Get the best of Sporcle when you Go Orange. This ad-free experience offers more features, more stats, and more fun while also helping to support Sporcle. Thank you for becoming a member.

You're not logged in!

Compare scores with friends on all Sporcle quizzes.
OR
Log In

Show Comments

Extras

Top Quizzes Today


Score Distribution

Your Account Isn't Verified!

In order to create a playlist on Sporcle, you need to verify the email address you used during registration. Go to your Sporcle Settings to finish the process.

Report this User

Report this user for behavior that violates our Community Guidelines.

Details: